| 000 | 00658nam a2200241 a 4500 | ||
|---|---|---|---|
| 001 | 000028791 | ||
| 003 | DO-SdBNP | ||
| 005 | 20240627100711.0 | ||
| 007 | ta | ||
| 008 | 240627s1858 dr 000 0 spa d | ||
| 040 |
_aDO-SdBNP _bspa _cBNPHU _erda |
||
| 082 |
_bM533 _222 |
||
| 110 | _9447 | ||
| 245 | 1 | 0 | _aMemoria del ministro de haciewnda, comercio y fomento |
| 264 |
_aSanto Domingo : _bMiguel Lavastida : _c1858. |
||
| 300 |
_apaginas varias ; _c22 cm. |
||
| 336 |
_2rdacontent _atexto _btxt |
||
| 337 |
_2rdamedia _asin mediación _bn |
||
| 338 |
_2rdacarrier _avolumen _bnc |
||
| 590 | _aInventariado, 2024/DG | ||
| 910 | _aDG | ||
| 942 |
_2ddc _cLBS1 |
||
| 999 |
_c57033 _d57033 |
||